| 000 | 00551nam a2200169 i 4500 | ||
|---|---|---|---|
| 001 | 70462 | ||
| 003 | ES-MaACL | ||
| 005 | 20230906170826.0 | ||
| 007 | t| | ||
| 008 | 040726s1965 sp ||||1| spa d | ||
| 100 | 1 |
_aGarcía Ulecia, Alberto. _955349 |
|
| 245 | 1 | 0 |
_aTorofuente _b: (auto de sangre y patria oscura) / _cAlberto García Ulecia ; 15 dibujos de Juan Romero. |
| 260 |
_a[Sevilla : _bs.n., _c1965] ( _fGráf. del Sur) |
||
| 300 |
_a19 p., 10 lám. ; _c30 cm. |
||
| 700 | 1 |
_aRomero, Juan, _eil. _999336 |
|
| 852 |
_aES-MaACL _jC-27515 _bR.56551 |
||
| 999 |
_c70462 _d70462 |
||